Statistiche per Fantahouse - Siamo ragazzu testo

Clicka qui per fare il quiz!

Statistiche generali

  • Questo quiz è stato fatto 38 volte
  • Il punteggio medio è 79 su 143

Statistiche sulle risposte

Word% Corretto
Siam
97%
siam
97%
ragazzu
91%
i
88%
siamo
88%
Siamo
88%
noi
78%
ma
75%
Ma
75%
tu
75%
su
72%
è
66%
mi
66%
pazzu
63%
tuttu
63%
io
59%
al
56%
anche
56%
ha
56%
la
56%
Tik
56%
Tok
56%
top
56%
troppo
56%
Troppo
56%
Fantahouse
53%
il
53%
mia
53%
patriarcato
53%
Vita
53%
bloccato?
50%
che
50%
Che
50%
follow
50%
l'hai
50%
Togli
50%
reactato
47%
se
47%
'Sto
47%
con
44%
dici?
44%
hyperpop
44%
cazzo
41%
cishet
41%
da
41%
Drippa
41%
Giuro
41%
offendo
41%
un
41%
compri
38%
fashion
38%
fast
38%
non
38%
perché
38%
hai
34%
boomer
31%
Litigare
31%
Swag
31%
block
28%
boss
28%
capriccio
28%
Cosa
28%
fatto
28%
from
28%
girl
28%
l'ansia
28%
Mario
28%
nation
28%
più
28%
Soup
28%
the
28%
domanda
25%
fare
25%
grande?
25%
guerra
25%
importante
25%
resta
25%
Ricorda
25%
vuoi
25%
Xanna
25%
Ciau
16%
rapping
13%

Distribuzione punteggi

Percentile per numero di risposta

Percentuale di utenti per punteggio

I tuoi punteggi nel tempo

Non hai fatto questo quiz